000 00419nam a22001337a 4500
005 20260625144333.0
020 _a9781009337502
082 _a337 HEL/C
100 _eHelleiner, Eric
245 _aThe contested world economy:
_bthe deep and global roots of international political economy/
_cby Eric Helleiner
260 _a. - U K
_b: Cambridge University press
_c,2023
300 _axii+306 pages
942 _2ddc
_cBK
999 _c761064
_d761064